000 01171nas a2200253 454500
001 21585
005 20260407193506.0
008 260407s1991####ag###########|||spa#d
003 AR-UNSa-BCEJYS
040 _aAR-UNSa-BCEJYS
_bspa
_cAR-UNSa-BCEJYS
080 _a658
_xAdministración de empresas. Organización comercial
245 1 0 _aAlta gerencia
_pestrategias para la administración
022 _a0327-6104
264 1 _aBuenos Aires :
_bEdiciones Interoceánicas
_c1991
310 _aFrecuencia: Mensual A partir del Nº 62 la versión se encuentra en formato digital A partir del Nº 37 cambia de subtitulo por La dinámica de la economía y la administración A partir del Nº 47 cambia de Director por Oscar Malfitano Cayuela A partir del Nº 54 cambia de subtitulo por Administración, contabilidad, estrategia, marketing y economía
041 _aspa
942 _cSER
590 _aniveau_biblio:s niveau_hierar:1
100 1 _aRubinsztein, Jorge
650 _aAdministración
650 _aGestión
650 _aADMINISTRACION DE EMPRESAS
856 4 1 _uhttps://biblioeco.unsa.edu.ar/pmb/images/revistas/Alta Gerancia.jpg
_yImagen de portada
_qimage/jpeg
999 _c8550
_d8550